1754 1253 1327 1685 1217 1166 1529 1453 1812 1939 1663 1369 1941 1360 1519 1814 1682 1342 1117 1476 1991 1171 1549 1254 1896 1929 1887 1129 1200 1848 1423 1992 1729 1114 1361 1180 1232 1870 1976 1142 1318 1429 1367 1030 1048 1287 1540 1576 1614 1114 1280 1326 1647 1294 1321 1493 1506 1843 1481 1441 1753 1000 1007 1561 1266 1597 1971 1059 1120 1239 1790 1080 1655 1168 1797 1664 1338 1842 1240 1968 1077 1053 1488 1665 1467 1048 1637 1551 1051 1426 1328 1398 1755 1012 1642 1502 1544 1767 1669 BCNSPRNW ULIB Ver.6.0+V

เปลี่ยนเป็นภาษาไทย

Change to English
 แสดงรายละเอียดบรรณานุกรม
  กลับหน้าหลัก

Brief Record : Get Marc (ISO 2709) : E-mail record : QR code < ปิดหน้าต่าง
LEADER : 00000nam 2200000uu 4500
001    13399129204
003     ULIB
008    020711s2568 th a 000 0 tha d
020    ^a9786166299366
060    ^aWY161^bร632ก
100    ^aรุ่งนภา เขียวชะอ่ำ
245    ^aการพยาบาลผู้ป่วยบาดเจ็บที่สมองตั้งแต่ระยะก่อนถึงโรงพยาบาลสู่การดูแลที่บ้าน Nursing care for patients with traumatic brain injury from prehospital to home care
250    ^aพิมพ์ครั้งที่ 1
260    ^aขอนแก่น :^bเพ็ญพริ้นติ้ง,^c2568
300    ^a226 หน้า;^b25 ซม.
650    ^aศัลยกรรม^xสมอง^xการพยาบาล
650    ^aผ่าตัด^xสมอง^xการพยาบาล
999    ^aประนอม เกษจรัล
รายการนี้ยังไม่มีแท็ก
คุณยังไม่ได้ล็อกอิน คุณสามารถมีกิจกรรมร่วมกับเว็บไซต์ได้ แต่ต้องล็อกอินก่อน ::
  ล็อกอิน

รายการสื่อสารสนเทศ

ลำดับที่ ประเภท เลขเรียก/บาร์โค้ด สถานที่ สถานะ
1. Book การพยาบาล
หนังสือสำรอง
สถานะ=หนังสือสำรอง
WY161 ร632ก ฉ.1 
  Barcode: 012153
ห้องสมุดวิทยาเขตสวรรค์ประชารักษ์
►หนังสือทั่วไป
บนชั้น
2. Book การพยาบาล
Book การพยาบาล
WY161 ร632ก ฉ.2 
  Barcode: 012154
ห้องสมุดวิทยาเขตสวรรค์ประชารักษ์
►หนังสือทั่วไป
บนชั้น
3. Book การพยาบาล
Book การพยาบาล
WY161 ร632ก ฉ.3 
  Barcode: 012155
ห้องสมุดวิทยาเขตสวรรค์ประชารักษ์
►หนังสือทั่วไป
บนชั้น
4. Book การพยาบาล
Book การพยาบาล
WY161 ร632ก ฉ.4 
  Barcode: 012156
ห้องสมุดวิทยาเขตสวรรค์ประชารักษ์
►หนังสือทั่วไป
บนชั้น
5. Book การพยาบาล
Book การพยาบาล
WY161 ร632ก ฉ.5 
  Barcode: 012157
ห้องสมุดวิทยาเขตสวรรค์ประชารักษ์
►หนังสือทั่วไป
บนชั้น

BibComment


ยังไม่เคยถูกคอมเมนท์

คอมเมนท์ทรัพยากรรายการนี้
  คอมเมนท์: การพยาบาลผู้ป่วย..


 Copyright 2026. Bcnsprnw @Library